Spolupráce členských zemí RVHP v zemědělství a výživě /
Uložené v:
| Hlavní autori: | , |
|---|---|
| Médium: | Kniha |
| Jazyk: | Czech |
| Vydané: |
Praha :
Státní zemědělské nakladatelství,
1979.
|
| Vydanie: | 1. vyd. |
| Edícia: | Sbírka ekon. a encyklopedických publikací
|
| ISBN: |
brož. |
| Fyzický popis: |
229 s. : obr. a tab. |
| Tagy: |
Pridať tag
Žiadne tagy, Buďte prvý kto otaguje tento záznam!
|
Titul je dostupný aj v ... 

MARC
| LEADER | 00000nam a22000001 4500 | ||
|---|---|---|---|
| 001 | 000158607 | ||
| 005 | 20091118170002.0 | ||
| 008 | 951110 1979 cs cze d | ||
| 020 | |a brož. | ||
| 040 | |a SVKKK |b slo |c SVKKK |e AACR2 | ||
| 041 | 0 | |a cze | |
| 044 | |a xr |c CZ | ||
| 100 | 1 | |a Rajchart, Miroslav |4 aut | |
| 245 | 1 | 0 | |a Spolupráce členských zemí RVHP v zemědělství a výživě / |c Miroslav Rajchart, Josef Kraus. |
| 250 | |a 1. vyd. | ||
| 260 | |a Praha : |b Státní zemědělské nakladatelství, |c 1979. | ||
| 300 | |a 229 s. : |b obr. a tab. | ||
| 490 | 1 | |a Sbírka ekon. a encyklopedických publikací | |
| 500 | |a Prehľad literatúry | ||
| 500 | |a Odkazy na lit. | ||
| 500 | |a Poznámky | ||
| 500 | |a Obálka: Vlastimil Choc | ||
| 700 | 1 | |a Kraus, Josef, |d 1936- |4 aut | |
| 830 | 0 | |a Sbírka ekon. a encyklopedických publikací | |
| 910 | |a svkkk | ||
| 998 | |a BK | ||
| 090 | |g SCKHL |k Sklad Pribinova 2. posch. |a II.255704 |j 614040 |i 158607-10 |s Absenčne | ||
| 090 | |g SCKHL |k Sklad Pribinova 2. posch. |a II.255705 |j 614041 |i 158607-20 |s Absenčne | ||
| 090 | |g SCKHL |k Sklad Pribinova 2. posch. |a II.255706 |j 614042 |i 158607-30 |s Absenčne | ||